000 00662nam a2200265Ia 4500
005 20260121165740.0
008 008 260114s9999 xx 000 0 eng d
020 _a9784431550044
037 _aEBOOK
040 _aCRL
040 _beng
040 _cCRL
041 _2eng
041 _aeng
084 _qCRL
100 _aTheodore Mariolis, Lefteris Tsoulfidis
_91055557
245 0 _aModern Classical Economics and Reality
260 _bSpringer
260 _bSpringer
260 _c2016
856 _uhttps://link.springer.com/openurl?genre=book&isbn=978-4-431-55004-4
942 _cEBOOK
999 _c1621285
_d1621285